1654 1866 1390 1217 1083 1312 1663 1126 1361 1651 1088 1597 1669 1827 1927 1540 1057 1552 1257 1534 1521 1933 1913 1168 1978 1059 1424 1742 1833 1204 1982 1340 1150 1487 1660 1749 1868 1365 1742 1054 1352 1784 1769 1869 1094 1361 1817 1114 1592 1375 1623 1433 1807 1270 1331 1267 1438 1459 1577 1809 1399 1748 1871 1184 1464 1715 1685 1577 1947 1039 1172 1961 1357 1819 1746 1606 1798 1362 1216 1130 1105 1768 1994 1280 1192 1218 1627 1977 1598 1919 1422 1489 1879 1888 1396 1777 1864 1291 1890 BCNSPRNW ULIB Ver.6.0+V

เปลี่ยนเป็นภาษาไทย

Change to English
 แสดงรายละเอียดบรรณานุกรม
  กลับหน้าหลัก

Brief Record : Get Marc (ISO 2709) : E-mail record : QR code < ปิดหน้าต่าง
LEADER : 00000nam 2200000uu 4500
001    13399125268
003     ULIB
008    170110s||||||||th 000 0 tha d
099    ^aวจ.HM 132 จ533ค
100    ^aจิรพร จันทรมณี, สุภาเพ็ญ ปาณะวัฒนพิสุทธิ์ และนภัสวรรณ บุญประเสริฐ
245    ^aความพึงพอใจของบุคลากรต่อระบบการบริหารของวิทยาลัยพยาบาลบรมราชชนนี สวรรค์ประชารักษ์ นครสวรรค์
260    ^aนครสวรรค์ :^bวิทยาลัยพยาบาลบรมราชชนนี สวรรค์ประชารักษ์ นครสวรรค์,^c2550
300    ^a73 หน้า;^b29 ซม.
650    ^aการบริหาร^xวิจัย
945    ^p0^l0^i23783
945    ^p0^l0^i23784
945    ^p0^l0^i23785
945    ^p0^l0^i23786
995    ^aกัณชพร
999 ^a กัณชพร
รายการนี้ยังไม่มีแท็ก
คุณยังไม่ได้ล็อกอิน คุณสามารถมีกิจกรรมร่วมกับเว็บไซต์ได้ แต่ต้องล็อกอินก่อน ::
  ล็อกอิน

รายการสื่อสารสนเทศ

ลำดับที่ ประเภท เลขเรียก/บาร์โค้ด สถานที่ สถานะ
1. งานวิจัย
งานวิจัย
วจ.HM 132 จ533ค ฉ.1 
  Barcode: 23783
ห้องสมุดวิทยาเขตนครสวรรค์
►วิจัย:l:Research Room
บนชั้น
2. งานวิจัย
งานวิจัย
วจ.HM 132 จ533ค ฉ.2 
  Barcode: 23784
ห้องสมุดวิทยาเขตนครสวรรค์
►วิจัย:l:Research Room
บนชั้น
3. งานวิจัย
งานวิจัย
วจ.HM 132 จ533ค ฉ.3 
  Barcode: 23785
ห้องสมุดวิทยาเขตนครสวรรค์
►วิจัย:l:Research Room
บนชั้น
4. งานวิจัย
งานวิจัย
วจ.HM 132 จ533ค ฉ.4 
  Barcode: 23786
ห้องสมุดวิทยาเขตนครสวรรค์
►วิจัย:l:Research Room
บนชั้น

รายการใกล้เคียง
    ชื่อเรื่อง [ความพึงพอใจของบุคลากรต่อระบบการบริหารของวิทยาลัยพยาบาลบรมราชชนนี สวรรค์ประชารักษ์ นครสวรรค์]

BibComment


ยังไม่เคยถูกคอมเมนท์

คอมเมนท์ทรัพยากรรายการนี้
  คอมเมนท์: ความพึงพอใจของบุ..


 Copyright 2026. Bcnsprnw @Library